| 000 -ლიდერი |
| ფიქსირებული სიგრძის საკონტროლო ველი |
00786nam a22002057a 4500 |
| 003 - საკონტროლო ნომრის იდენტიფიკატორი |
| საკონტროლო ველი |
Ge_BSU |
| 005 - ბოლო ოპერაციის თარიღი და დრო |
| საკონტროლო ველი |
20221006151925.0 |
| 008 - ფიქსირებული სიგრძის მონაცემთა ელემენტები - ზოგადი ინფორმაცია |
| ფიქსირებული სიგრძის საკონტროლო ველი |
221006s2004 ge ||||| |||| 00| 0 geo d |
| 020 ## - წიგნის საერთაშორისო სტანდარტული ნომერი |
| International Standard Book Number |
9994081225 |
| 041 ## - ენის კოდი |
| Language code of text/sound track or separate title |
geo |
| 080 ## - უნივერსალური ათობითი კლასიფიკაციის ინდექსი |
| Universal Decimal Classification number |
17 შ-96 |
| 082 ## - დუის ათობითი კლასიფიკაციის ინდექსი |
| Classification number |
|
| 100 ## - მთავარი ჩანაწერი - პიროვნების სახელი |
| Personal name |
შუშანაშვილი, გერონტი |
| 9 (RLIN) |
385 |
| 245 ## - ცნობა სათაურის შესახებ |
| Title |
გამოყენებითი ეთიკის საფუძვლები / |
| Statement of responsibility, etc |
[რედ.: რევაზ ბალანჩივაძე]. |
| 264 ## - წარმოების, გამოცემის, დისტრიბუციის და სხვა ცნობები |
| გამოცემის, წარმოების, დისტრიბუციის... ადგილი |
თბ. : |
| გამოცემის, წარმოების, დისტრიბუციის... სახელწოდება |
ლეგა, |
| გამოცემის, წარმოების, დისტრიბუციის... თარიღი |
2004. |
| 300 ## - ფიზიკური აღწერა |
| Extent |
183 გვ. ; |
| Other physical details |
20 სმ. |
| 653 ## - INDEX TERM--UNCONTROLLED |
| Uncontrolled term |
გამოყენებითი ეთიკა. |
| 700 ## - ADDED ENTRY--PERSONAL NAME |
| Personal name |
ბალანჩივაძე, რევაზ |
| Relator term |
რედაქტორი |
| 9 (RLIN) |
12144 |
| 942 ## - ADDED ENTRY ELEMENTS (KOHA) |
| Source of classification or shelving scheme |
|
| Koha item type |
წიგნი |